UBT Library

A guide to physical examination / (Record no. 42112)

000 -LEADER
fixed length control field 00803cam a2200241 a 4500
001 - CONTROL NUMBER
control field 915738
005 - DATE AND TIME OF LATEST TRANSACTION
control field 20180208044340.0
008 - FIXED-LENGTH DATA ELEMENTS--GENERAL INFORMATION
fixed length control field 820513s1983 paua b 001 0 eng
010 ## - LIBRARY OF CONGRESS CONTROL NUMBER
LC control number 82010005
020 ## - INTERNATIONAL STANDARD BOOK NUMBER
International Standard Book Number 0397543999
040 ## - CATALOGING SOURCE
Original cataloging agency DLC
Transcribing agency DLC
Modifying agency DLC
041 ## - LANGUAGE CODE
Language code of text/sound track or separate title eng
060 ## - NATIONAL LIBRARY OF MEDICINE CALL NUMBER
Classification number WB 205 B329g
080 ## - UNIVERSAL DECIMAL CLASSIFICATION NUMBER
Universal Decimal Classification number 616.0754 BAT
082 00 - DEWEY DECIMAL CLASSIFICATION NUMBER
Classification number 616.0754 BAT
Edition number 19
100 1# - Rafti
Rafti 8
101 ## - Shkurtesa
Shkurtesa EKZ
245 12 - TITLE STATEMENT
Title A guide to physical examination /
Statement of responsibility, etc Barbara Bates, with a section on the pediatric examination by Robert A. Hoekelman ; illustrations by Robert Wabnitz and staff, University of Rochester School of Medicine, and Susan Shapiro Brenman.
504 ## - BIBLIOGRAPHY, ETC. NOTE
Bibliography, etc Bibliography: p. 537-548.
740 0# - ADDED ENTRY--UNCONTROLLED RELATED/ANALYTICAL TITLE
Uncontrolled related/analytical title Physical examination.
906 ## - LOCAL DATA ELEMENT F, LDF (RLIN)
a 7
b cbc
c orignew
d 1
e ocip
f 19
g y-gencatlg
942 ## - ADDED ENTRY ELEMENTS (KOHA)
Source of classification or shelving scheme
Item type Books
Holdings
Withdrawn status Lost status Source of classification or shelving scheme Damaged status Not for loan Collection code Permanent location Current location Shelving location Date acquired Total Checkouts Full call number Barcode Date last seen Price effective from Koha item type
          Koleksioni i përgjithshem UBT - Lipjan UBT - Lipjan Koleksioni i përgjithshem 02/08/2018   616.0754 BAT 002-2999231 02/08/2018 02/08/2018 Books
UBT Library © 2015-2024. All rights reserved University Education for Business and Technology